01687nam a2200457 i 450000100060000000300080000600500170001400600190003100700150005000800410006502000180010602000270012403500230015103500240017403500250019803500220022304000310024505000250027608000110030108200180031210000210033024501280035126400400047930000410051933600310056033700330059133800430062449000350066750000230070258801260072559001590085165000120101065000130102265000150103565000180105065500270106879700190109583000360111485600620115099900170121237226FlNmELB20241216221501.0m o d | cr cnu||||||||170810s2015 sp o 001 0 spa d z9788494442445 a9788494442452 (e-book) a(MiAaPQ)EBC4870770 a(Au-PeEL)EBL4870770 a(CaPaEBR)ebr11392887 a(OCoLC)1105918999 aFINmELBbspaerdacFINmELB 4aRC553.A88bW722 2015 a616.890 a616.858822231 aWilliams, Donna.10aNadie en ningún lugar :bla historia extraordinaria de una autista desde su infancia hasta su juventud /cDonna Williams. 1aBarcelona :bNed Ediciones,c[2015] a1 recurso en línea (254 páginas) atextobtxt2rdacontent/spa acomputadorabc2rdamedia/spa arecurso en líneabcr2rdacarrier/spa1 aColección La palabra extrema aContiene índice. aDescripción basada en recurso en línea; Título de la página del título en PDF (e-libro, visto August 10, 2017). aRecurso electronico. Santa Fe, Arg. : e-libro, 2016. Disponible via World Wide Web. El acceso puede ser limitado para las bibliotecas afiliadas a e-libro. 0aAutism. 4aAutismo. 0aNeurology. 4aNeurología. 4aLibros electrónicos.2 ae-libro, Corp. 0aColección La palabra extrema.40uhttps://elibro.net/ereader/politecnicointernacional/59943 c37226d37226